Ozdraviť slovenský export majú aj peniaze z európskych grantov

Niekoľko rokov "spiaci" projekt podpory exportu z fondu Phare nabral v r. 2002 reálne kontúry. Program znovu naštartovalo až nové vedenie Slovenskej agentúry pre rozvoj investícií a obchodu (SARIO). Na vyčerpanie financií zostáva už len krátky čas. SARIO v súčasnosti eviduje 118 žiadostí o poskytnut...

Descrizione completa

Salvato in:
Dettagli Bibliografici
Autore principale: Sedlák, Miro
Natura: Capitolo di libro
Lingua:slovacco
Soggetti:
Tags: Aggiungi Tag
Nessun Tag, puoi essere il primo ad aggiungerne!!

MARC

LEADER 00000naa a2200000 4500
001 r045179
005 20230921113055.5
041 0 |a slo 
044 |a SK 
245 1 0 |a Ozdraviť slovenský export majú aj peniaze z európskych grantov  |c Miro Sedlák 
520 |a Niekoľko rokov "spiaci" projekt podpory exportu z fondu Phare nabral v r. 2002 reálne kontúry. Program znovu naštartovalo až nové vedenie Slovenskej agentúry pre rozvoj investícií a obchodu (SARIO). Na vyčerpanie financií zostáva už len krátky čas. SARIO v súčasnosti eviduje 118 žiadostí o poskytnutie prostriedkov z programu. Potreba spolupráce s ostatnými organizáciami. Najvýznamnejšie projekty na podporu zvýšenia exportu. 
610 2 0 |a vývoz 
610 2 0 |a podpora vývozu 
610 2 0 |a projekty 
610 2 0 |a granty 
610 2 0 |a Európa 
610 2 0 |a Slovensko 
610 2 0 |a Phare 
100 1 |a Sedlák, Miro